[Event "1. OEsterreichische Internet Schach Meisterschaft - Vorrunde 1"]
[Site "Online - Playchess.com"]
[Date ""]
[Round "4"]
[Board "26"]
[White "Ofner, Maximilian"]
[Black "Hofstadler, Mario"]
[Result "0-1"]
[WhiteElo "2177"]
[BlackElo "1867"]
[PlyCount "140"]
[EventDate "2020.04.11"]
[EventRounds "9"]
[EventCountry "AUT"]

1. e4 c6 2. d4 d5 3. Nc3 dxe4 4. Nxe4 Nd7 5. Nf3 Ngf6 6. Nxf6+ Nxf6 7. Be2 Bg4
8. O-O e6 9. h3 Bh5 10. c3 Be7 11. Qc2 Bg6 12. Bd3 Rc8 13. Bf4 O-O 14. Bxg6
hxg6 15. Rad1 Qb6 16. Ne5 Rfd8 17. Bg5 c5 18. dxc5 Qxc5 19. Bxf6 Bxf6 20. Nd7
Qc7 21. Nxf6+ gxf6 22. Qe4 Kg7 23. g3 Qb6 24. Qe2 Qc5 25. Rxd8 Rxd8 26. Rd1 Rd5
27. Rd3 Re5 28. Qd2 Rd5 29. Rxd5 exd5 30. Kg2 Qc4 31. b3 Qe4+ 32. f3 Qe5 33.
Kf2 Qd6 34. Qe3 Qa3 35. Qd2 Qd6 36. Qd4 Qa3 37. Qd2 Qa5 38. g4 Qc5+ 39. Qd4 Qa5
40. Qd2 Qc5+ 41. Kg2 b5 42. Kg3 a5 43. Qd4 Qd6+ 44. f4 Qc6 45. g5 b4 46. cxb4
axb4 47. gxf6+ Qxf6 48. Qxb4 Qd8 49. Qd4+ Kg8 50. a4 Qa5 51. Qe3 Qb4 52. Qd3 d4
53. Kf3 Qc5 54. h4 Qd5+ 55. Qe4 Qxb3+ 56. Kg4 d3 57. Qe8+ Kg7 58. Qe5+ Kg8 59.
h5 Qd1+ 60. Kg3 Qxh5 61. Qd6 Qe2 62. Qd8+ Kg7 63. Qd4+ Kh7 64. Qd7 Qe3+ 65. Kh4
Kg7 66. Kg4 d2 67. f5 Qe2+ 68. Kg5 Qe3+ 69. Kg4 gxf5+ 70. Qxf5 d1=Q+ {Zeit}  0-1

[Event "1. OEsterreichische Internet Schach Meisterschaft - Vorrunde 1"]
[Site "Online - Playchess.com"]
[Date ""]
[Round "4"]
[Board "27"]
[White "Juenger, Heinz"]
[Black "Wiedermann, Daniel"]
[Result "1-0"]
[WhiteElo "2165"]
[BlackElo "2048"]
[PlyCount "149"]
[EventDate "2020.04.11"]
[EventRounds "9"]
[EventCountry "AUT"]

1. e4 c6 2. Nf3 d5 3. Nc3 Bg4 4. h3 Bxf3 5. Qxf3 e6 6. Be2 Nd7 7. O-O Ngf6 8.
Rd1 d4 9. Nb1 Bd6 10. d3 O-O 11. c3 Ne5 12. Qg3 Ng6 13. f4 dxc3 14. Nxc3 Bc5+
15. Kh1 Qd4 16. Bd2 Rad8 17. b3 Qf2 18. Kh2 Bd4 19. Rf1 Qxg3+ 20. Kxg3 Rd7 21.
Rac1 Rfd8 22. Rc2 h6 23. Na4 Ne7 24. Nc5 Bxc5 25. Rxc5 Nxe4+ 26. dxe4 Rxd2 27.
Bf3 Rxa2 28. b4 Rd3 29. b5 Rdd2 30. bxc6 Nxc6 31. e5 Ra3 32. Kh2 Nd4 33. Be4 g6
34. Rc8+ Kg7 35. Rc7 Re2 36. Bxb7 Nf5 37. Bc8 Ne3 38. Rg1 Raa2 39. Bxe6 Rxg2+
40. Rxg2 Nxg2 41. Kh1 Nxf4 42. Rxf7+ Kh8 43. Rxf4 Re2 44. Rf8+ Kg7 45. Rf7+ Kh8
46. Rxa7 Rxe5 47. Bc4 Re1+ 48. Kg2 Re3 49. Rc7 Rc3 50. Kh2 Rc2+ 51. Kg3 Rc3+
52. Kg2 Rc2+ 53. Kf1 Rc1+ 54. Ke2 Rc3 55. h4 Rc2+ 56. Kd3 Rh2 57. Bf7 Rh3+ 58.
Ke2 Rxh4 59. Bxg6 Rh2+ 60. Kf3 Rh3+ 61. Kg4 Rh1 62. Be4 Rg1+ 63. Kh5 Re1 64.
Bd5 Re5+ 65. Kxh6 Re6+ 66. Kg5 Re5+ 67. Kg6 Re6+ 68. Kf5 Rd6 69. Be6 Rb6 70.
Kf6 Rb1 71. Bf5 Rb6+ 72. Be6 Rb1 73. Rc8+ Kh7 74. Bf5+ Kh6 75. Rh8#  1-0

[Event "1. OEsterreichische Internet Schach Meisterschaft - Vorrunde 1"]
[Site "Online - Playchess.com"]
[Date ""]
[Round "4"]
[Board "28"]
[White "Poecksteiner, Johann"]
[Black "Strodl, Joachim"]
[Result "1-0"]
[WhiteElo "2155"]
[BlackElo "2137"]
[PlyCount "141"]
[EventDate "2020.04.11"]
[EventRounds "9"]
[EventCountry "AUT"]

1. d4 g6 2. c4 Bg7 3. Nc3 d6 4. e4 e5 5. Nge2 exd4 6. Nxd4 Nc6 7. Be3 Nf6 8.
Be2 O-O 9. O-O Bd7 10. f3 Re8 11. Qd2 Nh5 12. Nd5 Nxd4 13. Bxd4 Bxd4+ 14. Qxd4
c6 15. Nc3 Qe7 16. Rfd1 Rad8 17. Qxd6 Qg5 18. Qd2 Nf4 19. Bf1 Be6 20. Qc2 Qc5+
21. Qf2 Qg5 22. g3 Bxc4 23. h4 Qf6 24. gxf4 Bxf1 25. Kxf1 Qxf4 26. Rxd8 Rxd8
27. Rd1 Re8 28. Kg2 h6 29. Ne2 Qf6 30. b3 Kg7 31. Qd4 Qxd4 32. Rxd4 Re7 33. Nc3
Kf6 34. f4 g5 35. Rd6+ Kg7 36. hxg5 hxg5 37. fxg5 a5 38. Kf3 Re5 39. Kf4 Rc5
40. Rd3 b5 41. e5 b4 42. Ne4 Rc2 43. Rd2 Rc1 44. Ng3 c5 45. Rd6 c4 46. Nf5+ Kh7
47. bxc4 Rxc4+ 48. Ke3 Rc2 49. Rd2 Rc3+ 50. Ke4 Rc4+ 51. Nd4 Kg6 52. Rf2 a4 53.
Rf6+ Kg7 54. Kd5 Rc3 55. Nf5+ Kg8 56. Nh6+ Kh8 57. Nxf7+ Kg7 58. e6 b3 59. axb3
axb3 60. Rf1 b2 61. Rb1 Rd3+ 62. Ke5 Rd2 63. Kf5 Rf2+ 64. Ke4 Re2+ 65. Kd5 Rd2+
66. Kc6 Kf8 67. g6 Rg2 68. Kd7 Rd2+ 69. Nd6 Re2 70. g7+ Kxg7 71. e7 {Joachim69
gibt auf}  1-0

[Event "1. OEsterreichische Internet Schach Meisterschaft - Vorrunde 1"]
[Site "Online - Playchess.com"]
[Date ""]
[Round "4"]
[Board "29"]
[White "Trippold, Denise"]
[Black "Kuzmanovic, Zeljko"]
[Result "1-0"]
[WhiteElo "2150"]
[BlackElo "1811"]
[PlyCount "127"]
[EventDate "2020.04.11"]
[EventRounds "9"]
[EventCountry "AUT"]

1. d4 Nf6 2. c4 g6 3. Nc3 Bg7 4. e4 d6 5. Nf3 O-O 6. h3 c6 7. Be3 Nbd7 8. g4
Qc7 9. Qd2 e5 10. d5 a6 11. a4 cxd5 12. cxd5 b6 13. Rc1 Nc5 14. Qc2 Qb7 15. Nd2
h5 16. g5 Ne8 17. Rg1 Bd7 18. h4 Qc8 19. Qd1 Bg4 20. f3 Bh3 21. Qe2 Bxf1 22.
Qxf1 Kh7 23. Rg3 f5 24. gxf6 Nxf6 25. b4 Nxa4 26. Ndb1 Nxc3 27. Rxc3 Qd7 28.
Qg1 b5 29. Rxg6 Ng4 30. Rxg7+ Qxg7 31. fxg4 Rf3 32. gxh5 Qf6 33. Qg6+ Qxg6 34.
hxg6+ Kxg6 35. Nd2 Rh3 36. Ke2 Rf8 37. Rc6 Rf6 38. Bg5 Rh2+ 39. Kd3 Rff2 40.
Rxd6+ Kh5 41. Rxa6 Rh3+ 42. Kc2 Kg4 43. d6 Rf7 44. Be7 Rh2 45. d7 Rxe7 46. d8=Q
Rf7 47. Qg8+ Kh3 48. Qxf7 Rg2 49. Qf3+ Kh2 50. Qxg2+ Kxg2 51. h5 Kg3 52. h6 Kf4
53. h7 Ke3 54. h8=Q Kf2 55. Qh3 Kg1 56. Nf3+ Kf2 57. Rd6 Ke2 58. Rd2+ Ke3 59.
Qh6+ Kxe4 60. Nxe5 Kxe5 61. Qe3+ Kf5 62. Rf2+ Kg4 63. Qf4+ Kh3 64. Rh2#  1-0

[Event "1. OEsterreichische Internet Schach Meisterschaft - Vorrunde 1"]
[Site "Online - Playchess.com"]
[Date ""]
[Round "4"]
[Board "30"]
[White "Bachler, Reinhard"]
[Black "Schroettner, Martin"]
[Result "1-0"]
[WhiteElo "2143"]
[BlackElo "1934"]
[PlyCount "170"]
[EventDate "2020.04.11"]
[EventRounds "9"]
[EventCountry "AUT"]

1. f4 c6 2. Nf3 d5 3. e3 Bg4 4. h3 Bxf3 5. Qxf3 e6 6. b3 Nf6 7. Bb2 Be7 8. g4
Rg8 9. Bd3 g6 10. Nc3 Nbd7 11. g5 Nh5 12. Qg2 Qa5 13. h4 O-O-O 14. Be2 Ng7 15.
h5 Ba3 16. O-O-O Bxb2+ 17. Kxb2 Nf5 18. hxg6 hxg6 19. Rh7 Nd6 20. Rdh1 Nc5 21.
d4 Na6 22. Bd3 Nb4 23. R1h3 Nxd3+ 24. cxd3 Kb8 25. Qh2 Qa6 26. Qc2 Rc8 27. Rh2
c5 28. dxc5 Rxc5 29. Qd2 Rgc8 30. Rh8 Qc6 31. Na4 Rb5 32. Rxc8+ Nxc8 33. Qc3
Qxc3+ 34. Nxc3 Rc5 35. Rh7 Nd6 36. d4 Rc7 37. a4 a6 38. Rg7 Nf5 39. Rg8+ Ka7
40. Rf8 Nxe3 41. b4 Ng2 42. b5 Kb6 43. bxa6 bxa6 44. Rb8+ Ka7 45. Rf8 Nxf4 46.
a5 Nh3 47. Na4 Nxg5 48. Nb6 Nf3 49. Nc8+ Kb7 50. Nd6+ Kc6 51. Nxf7 Nxd4 52.
Ne5+ Kd6 53. Nxg6 Rb7+ 54. Kc3 Nb5+ 55. Kd3 Rc7 56. Rd8+ Kc5 57. Nf4 Rc6 58.
Re8 Kb4 59. Nxe6 Kxa5 60. Rd8 Nd6 61. Nd4 Rb6 62. Kc3 Ne4+ 63. Kd3 Nc5+ 64. Kc3
Ne4+ 65. Kd3 Rd6 66. Rb8 Nc5+ 67. Kc3 Na4+ 68. Kd3 Nb6 69. Nb3+ Kb5 70. Nd4+
Kc5 71. Nb3+ Kc6 72. Nd4+ Kc7 73. Re8 Rh6 74. Re7+ Kd6 75. Ra7 Rh3+ 76. Kc2 Kc5
77. Ne6+ Kb5 78. Nc7+ Kc4 79. Rxa6 Nd7 80. Rc6+ Kd4 81. Nb5+ Ke4 82. Re6+ Kf4
83. Rd6 Rh2+ 84. Kc3 Rh3+ 85. Kc2 Rh2+  1-0

[Event "1. OEsterreichische Internet Schach Meisterschaft - Vorrunde 1"]
[Site "Online - Playchess.com"]
[Date ""]
[Round "4"]
[Board "31"]
[White "Fugger, Christian"]
[Black "Kranz, Armin"]
[Result "0-1"]
[WhiteElo "1818"]
[BlackElo "2119"]
[PlyCount "120"]
[EventDate "2020.04.11"]
[EventRounds "9"]
[EventCountry "AUT"]

1. d4 Nf6 2. c4 e6 3. Nf3 b6 4. g3 Ba6 5. b3 Bb4+ 6. Bd2 Be7 7. Bg2 c6 8. Nc3
d5 9. cxd5 cxd5 10. O-O O-O 11. Ne5 Nfd7 12. Re1 Nxe5 13. dxe5 Nd7 14. Bf4 Rc8
15. Qd2 Qc7 16. Rac1 Qb8 17. e4 dxe4 18. Rxe4 Nc5 19. Rd4 Rfd8 20. b4 Nd3 21.
Rxd8+ Rxd8 22. Rb1 Bxb4 23. Qc2 Bc5 24. Ne4 Qc7 25. Nxc5 Nxc5 26. Rc1 Bd3 27.
Qc3 Qd7 28. Be3 Ne4 29. Bxe4 Bxe4 30. h4 Qd1+ 31. Qe1 Qxe1+ 32. Rxe1 h6 33.
Bxb6 axb6 34. Rxe4 Rd2 35. Rb4 Rxa2 36. Rxb6 Kh7 37. Rb5 Kg6 38. Kg2 h5 39. Kf3
Kf5 40. Ke3 Ra3+ 41. Ke2 Ra2+ 42. Ke3 Ra3+ 43. Kd4 Rf3 44. Rb7 Kg4 45. Rb2 Kh3
46. Ke4 Kg2 47. Rb8 Rxf2 48. Rg8 g6 49. Rg7 Kxg3 50. Ke3 Rf5 51. Ke4 Kxh4 52.
Rh7 Kg4 53. Rh8 h4 54. Ke3 h3 55. Ke2 Kg3 56. Ra8 Rf2+ 57. Ke3 Kg2 58. Rh8 Rf5
59. Rh4 h2 60. Rg4+ Kh3 {Grizzzly gibt auf}  0-1

[Event "1. OEsterreichische Internet Schach Meisterschaft - Vorrunde 1"]
[Site "Online - Playchess.com"]
[Date ""]
[Round "4"]
[Board "32"]
[White "Mira, Helene"]
[Black "Weichhart, Daniel"]
[Result "0-1"]
[WhiteElo "2082"]
[BlackElo "1648"]
[PlyCount "120"]
[EventDate "2020.04.11"]
[EventRounds "9"]
[EventCountry "AUT"]

1. d4 d5 2. c4 e6 3. Nc3 Nf6 4. Bg5 Be7 5. e3 O-O 6. Nf3 b6 7. cxd5 Nxd5 8.
Bxe7 Nxe7 9. Bd3 Bb7 10. O-O Nd7 11. Rc1 c5 12. Qe2 cxd4 13. exd4 Nf6 14. Rfd1
Ned5 15. g3 Qe7 16. Ne5 Rfd8 17. Bb1 Rac8 18. Ne4 Rxc1 19. Rxc1 Nxe4 20. Bxe4
Nf6 21. Bxb7 Qxb7 22. Rc4 Rd5 23. Qc2 Ne8 24. Rc8 Kf8 25. b4 f6 26. Nf3 Qd7 27.
Kg2 Ke7 28. b5 Rxb5 29. Ra8 Ra5 30. d5 Rxd5 31. Qb3 Nd6 32. Qa3 Ra5 33. Qe3 Qb7
34. Rg8 Kf7 35. Rh8 h6 36. Rh7 Nf5 37. Qd3 Kg8 38. g4 Kxh7 39. gxf5 Rxf5 40.
Kg3 Qxf3+ 41. Qxf3 Rxf3+ 42. Kxf3 Kg6 43. Ke4 Kg5 44. f4+ Kg4 45. f5 e5 46. h3+
Kg5 47. h4+ Kg4 48. a4 a6 49. Kd5 b5 50. a5 b4 51. Kc4 Kf3 52. Kxb4 e4 53. Kc5
e3 54. Kd6 e2 55. Ke6 e1=Q+ 56. Kf7 Qxa5 57. Kxg7 Qxf5 58. Kxh6 Qf4+ 59. Kh5
Qxh4+ 60. Kxh4 a5 {Mira gibt auf}  0-1

[Event "1. OEsterreichische Internet Schach Meisterschaft - Vorrunde 1"]
[Site "Online - Playchess.com"]
[Date ""]
[Round "4"]
[Board "33"]
[White "Leaua, Cristinel-Costel"]
[Black "Hessenberger, Andreas"]
[Result "0-1"]
[WhiteElo "2045"]
[BlackElo "2019"]
[PlyCount "42"]
[EventDate "2020.04.11"]
[EventRounds "9"]
[EventCountry "AUT"]

1. e4 c5 2. Nf3 Nc6 3. d4 cxd4 4. Nxd4 d6 5. Bc4 e6 6. O-O Be7 7. Bb3 Nf6 8.
Kh1 Nxe4 9. Nxc6 bxc6 10. Qd4 Nf6 11. Bg5 O-O 12. Nc3 d5 13. Rad1 Qa5 14. Bd2
Qc7 15. Bg5 e5 16. Qh4 h6 17. Bc1 e4 18. Be3 Ng4 19. Qh5 g6 20. Nxd5 cxd5 21.
Qxd5 Qxh2#  0-1

[Event "1. OEsterreichische Internet Schach Meisterschaft - Vorrunde 1"]
[Site "Online - Playchess.com"]
[Date ""]
[Round "4"]
[Board "34"]
[White "Soelkner, Julian"]
[Black "Schwabeneder, Alois"]
[Result "1-0"]
[WhiteElo "1484"]
[BlackElo "2004"]
[PlyCount "83"]
[EventDate "2020.04.11"]
[EventRounds "9"]
[EventCountry "AUT"]

1. e4 c6 2. d4 d5 3. exd5 cxd5 4. Nc3 Nc6 5. Nf3 Bg4 6. Bd3 e6 7. Bf4 Bd6 8.
Bg3 Nge7 9. O-O O-O 10. a3 a6 11. b4 Rc8 12. Na4 Bxg3 13. hxg3 g6 14. Nc5 Nxd4
15. Nxb7 Qb6 16. Nc5 a5 17. Nd7 Qb7 18. Nxf8 axb4 19. Nxg6 hxg6 20. axb4 Qxb4
21. Rb1 Qd6 22. Ra1 Nef5 23. Ra2 e5 24. Be2 Nxe2+ 25. Qxe2 e4 26. Kh2 Rc3 27.
Ra8+ Kg7 28. Qa6 exf3 29. gxf3 Bxf3 30. Qa1 Qe5 31. Ra3 d4 32. Re1 Qd6 33. Rxc3
dxc3 34. Qxc3+ Nd4 35. Re3 Bb7 36. Rd3 Qc6 37. Qxd4+ Kg8 38. Qd8+ Kg7 39. Qd4+
Kg8 40. f3 Qxc2+ 41. Rd2 Qd1 42. Rxd1  1-0

[Event "1. OEsterreichische Internet Schach Meisterschaft - Vorrunde 1"]
[Site "Online - Playchess.com"]
[Date ""]
[Round "4"]
[Board "35"]
[White "Kienboeck, Benjamin"]
[Black "Galler, Alexander"]
[Result "0-1"]
[WhiteElo "1922"]
[BlackElo "1772"]
[PlyCount "78"]
[EventDate "2020.04.11"]
[EventRounds "9"]
[EventCountry "AUT"]

1. e4 c5 2. Nf3 d6 3. d4 cxd4 4. Nxd4 Nf6 5. Nc3 a6 6. f3 e5 7. Nb3 h5 8. Be3
Be6 9. Qd2 Be7 10. O-O-O Nbd7 11. Nd5 Bxd5 12. exd5 Rc8 13. Kb1 b5 14. Be2 Nb6
15. h3 Nc4 16. Bxc4 Rxc4 17. g4 h4 18. Rhe1 Nd7 19. f4 f6 20. g5 O-O 21. gxf6
Bxf6 22. Rg1 e4 23. Bd4 Qe8 24. Rg6 Bxd4 25. Nxd4 Qxg6 26. f5 Qg3 27. Ne6 Rxf5
28. Qe2 Ne5 29. b3 Rc3 30. Qxe4 Qf3 31. Qxf3 Rfxf3 32. Rg1 g6 33. Kb2 b4 34.
Ng5 Rf2 35. Rc1 Nd3+ 36. Kb1 Nxc1 37. Ne4 Rcxc2 38. Nxf2 Rxf2 39. Kxc1 Rh2 {
Kriasi gibt auf}  0-1

[Event "1. OEsterreichische Internet Schach Meisterschaft - Vorrunde 1"]
[Site "Online - Playchess.com"]
[Date ""]
[Round "4"]
[Board "36"]
[White "Mostbauer, Florian"]
[Black "Stolzlechner, Andreas"]
[Result "1-0"]
[WhiteElo "2309"]
[BlackElo "1835"]
[PlyCount "91"]
[EventDate "2020.04.11"]
[EventRounds "9"]
[EventCountry "AUT"]

1. c4 c6 2. Nc3 d5 3. e3 e6 4. b3 Nf6 5. Bb2 Nbd7 6. Nf3 Be7 7. d4 O-O 8. Bd3
Re8 9. O-O b6 10. Qe2 Bb7 11. Rfd1 Rc8 12. e4 dxe4 13. Nxe4 Nxe4 14. Qxe4 Nf6
15. Qe2 Qc7 16. Ne5 c5 17. dxc5 Bxc5 18. Bc2 Rcd8 19. Rxd8 Rxd8 20. Rd1 Rxd1+
21. Qxd1 Qd6 22. Qxd6 Bxd6 23. a3 a5 24. f3 Kf8 25. Nd3 Ke7 26. b4 Ba6 27. c5
bxc5 28. Nxc5 Bc4 29. Nb7 axb4 30. Nxd6 Kxd6 31. axb4 h6 32. Kf2 e5 33. f4 exf4
34. Bxf6 gxf6 35. Kf3 Ke5 36. Be4 f5 37. Bc6 Kd6 38. b5 Kc5 39. Kxf4 Bxb5 40.
Bxb5 Kxb5 41. Kxf5 Kc5 42. Kf6 Kd4 43. Kxf7 h5 44. Kg6 h4 45. Kg5 h3 46. g4 {
Hundemaler gibt auf}  1-0

[Event "1. OEsterreichische Internet Schach Meisterschaft - Vorrunde 1"]
[Site "Online - Playchess.com"]
[Date ""]
[Round "4"]
[Board "37"]
[White "Hechl, Gerald"]
[Black "Nolz, Tom"]
[Result "1/2-1/2"]
[WhiteElo "2333"]
[BlackElo "2157"]
[PlyCount "145"]
[EventDate "2020.04.11"]
[EventRounds "9"]
[EventCountry "AUT"]

1. Nc3 c5 2. Nf3 g6 3. h4 d5 4. h5 Nc6 5. hxg6 fxg6 6. e4 d4 7. Ne2 Bg7 8. Ng3
Bg4 9. Be2 Nf6 10. d3 Qd7 11. c3 O-O-O 12. cxd4 Bxf3 13. Bxf3 Nxd4 14. Be3 h5
15. Rc1 Kb8 16. Bf4+ Ka8 17. Rxc5 Ne6 18. Qc1 Nxc5 19. Qxc5 Qxd3 20. Be3 Qb1+
21. Qc1 Qxc1+ 22. Bxc1 h4 23. Ne2 Nd7 24. Nf4 Ne5 25. Be2 Bh6 26. O-O Rc8 27.
Be3 g5 28. Nd5 e6 29. Nc3 Nc4 30. Bd4 Rhd8 31. Bf6 Rd2 32. b3 Nd6 33. Bg4 Rc2
34. e5 Nf5 35. Ne4 Rxa2 36. Bxf5 exf5 37. Nd6 Rf8 38. Nxf5 Rf7 39. Nxh6 Rh7 40.
Ng4 a5 41. e6 Re2 42. e7 Rhxe7 43. Bxe7 Rxe7 44. Ra1 b6 45. b4 Re4 46. Nf6 Rxb4
47. Nd5 Rb2 48. f3 Kb7 49. Nf6 Ka6 50. Ne4 b5 51. Nxg5 a4 52. Ne4 Ka5 53. f4 b4
54. Nc5 a3 55. f5 a2 56. f6 Rb1+ 57. Kh2 Rxa1 58. Nb3+ Ka4 59. Nxa1 b3 60. f7
b2 61. f8=Q bxa1=Q 62. Qf4+ Kb3 63. Qf7+ Kb2 64. Qb7+ Kc1 65. Qc6+ Kb1 66. Qg6+
Kc1 67. Qg5+ Kc2 68. Qf5+ Kb3 69. Qd5+ Ka3 70. Qc5+ Kb2 71. Qd4+ Kb1 72. Qd3+
Kc1 73. Qe3+  1/2-1/2

[Event "1. OEsterreichische Internet Schach Meisterschaft - Vorrunde 1"]
[Site "Online - Playchess.com"]
[Date ""]
[Round "4"]
[Board "38"]
[White "Wukits, Rene"]
[Black "Heinritz, Dietmar"]
[Result "1-0"]
[WhiteElo "2312"]
[BlackElo "1887"]
[PlyCount "47"]
[EventDate "2020.04.11"]
[EventRounds "9"]
[EventCountry "AUT"]

1. d4 Nf6 2. c4 e5 3. dxe5 Ng4 4. Bf4 g5 5. Bd2 Bg7 6. Bc3 Nc6 7. Nf3 Ngxe5 8.
Nxe5 Nxe5 9. Nd2 O-O 10. e3 d6 11. Be2 Be6 12. O-O b6 13. f4 gxf4 14. exf4 Nc6
15. Bxg7 Kxg7 16. f5 Bd7 17. f6+ Kh8 18. Bd3 Ne5 19. Bxh7 Bg4 20. Qe1 Kxh7 21.
Qh4+ Kg6 22. Ne4 Qd7 23. Qg5+ Kh7 24. Qg7#  1-0

[Event "1. OEsterreichische Internet Schach Meisterschaft - Vorrunde 1"]
[Site "Online - Playchess.com"]
[Date ""]
[Round "4"]
[Board "39"]
[White "Bauer, Sebastian"]
[Black "Guetz, Wolfgang"]
[Result "1-0"]
[WhiteElo "2237"]
[BlackElo "2078"]
[PlyCount "79"]
[EventDate "2020.04.11"]
[EventRounds "9"]
[EventCountry "AUT"]

1. e4 c5 2. Nf3 d6 3. d4 cxd4 4. Nxd4 Nf6 5. Nc3 Nc6 6. Bg5 e6 7. Qd2 a6 8.
O-O-O Bd7 9. f4 b5 10. Nf3 Qb6 11. Bxf6 gxf6 12. f5 b4 13. fxe6 fxe6 14. Ne2 h5
15. Kb1 a5 16. g3 a4 17. Bh3 b3 18. cxb3 axb3 19. a3 Na5 20. Rc1 Bh6 21. Nf4
Kf7 22. Rhd1 Ra6 23. Bf1 Bb5 24. Bxb5 Qxb5 25. Rc7+ Kg8 26. Nxe6 Rh7 27. Qc3
Rxc7 28. Nxc7 Qc6 29. Nxa6 Qxa6 30. Qd3 Nc4 31. Nd4 Kf7 32. Qxb3 Ke7 33. Nf5+
Kf8 34. Nxh6 Ne5 35. Nf5 Qe2 36. Qc2 Qa6 37. Rxd6 Qf1+ 38. Rd1 Qa6 39. Qc5+ Kf7
40. Qe7+ {VarggÃƒÂ¥ng gibt auf}  1-0

[Event "1. OEsterreichische Internet Schach Meisterschaft - Vorrunde 1"]
[Site "Online - Playchess.com"]
[Date ""]
[Round "4"]
[Board "40"]
[White "Rosol, Philip"]
[Black "Schein, Karl-Heinz"]
[Result "1/2-1/2"]
[WhiteElo "1468"]
[BlackElo "2187"]
[PlyCount "117"]
[EventDate "2020.04.11"]
[EventRounds "9"]
[EventCountry "AUT"]

1. e4 e5 2. Nf3 Nc6 3. Bb5 a6 4. Ba4 Nf6 5. O-O Be7 6. d3 d6 7. c3 O-O 8. Nbd2
b5 9. Bc2 Bb7 10. Re1 Nb8 11. Nf1 Nbd7 12. h3 c5 13. Ng3 g6 14. Bh6 Re8 15. a4
Qc7 16. axb5 axb5 17. Qd2 d5 18. exd5 Nxd5 19. Ne4 Nf4 20. g3 Nxh3+ 21. Kg2 f5
22. Kxh3 fxe4 23. dxe4 Rad8 24. Kg2 Nf6 25. Qe2 Ng4 26. Bg5 Rf8 27. Bxe7 Qxe7
28. Red1 Rxd1 29. Rxd1 c4 30. Rf1 h5 31. Nh2 Bc8 32. Nxg4 Bxg4 33. f3 Be6 34.
Qd2 Rd8 35. Qe3 h4 36. g4 Rf8 37. Rh1 Rf4 38. Rd1 Qg5 39. Qb6 Bxg4 40. Qd8+
Qxd8 41. Rxd8+ Kf7 42. fxg4 Rxg4+ 43. Kh3 Rg3+ 44. Kxh4 Rg2 45. Bd1 Rxb2 46.
Kg5 Rg2+ 47. Bg4 Rg3 48. Rd7+ Ke8 49. Rb7 Rxc3 50. Rxb5 Re3 51. Rd5 Rxe4 52.
Be6 c3 53. Rc5 Re3 54. Kxg6 Ke7 55. Kf5 Rf3+ 56. Kxe5 Re3+ 57. Kd4 Rxe6 58.
Kxc3 Kd6 59. Rc4  1/2-1/2

[Event "1. OEsterreichische Internet Schach Meisterschaft - Vorrunde 1"]
[Site "Online - Playchess.com"]
[Date ""]
[Round "4"]
[Board "41"]
[White "Novkovic, Julia"]
[Black "Enne, Harald"]
[Result "1-0"]
[WhiteElo "2170"]
[BlackElo "1916"]
[PlyCount "107"]
[EventDate "2020.04.11"]
[EventRounds "9"]
[EventCountry "AUT"]

1. e4 c5 2. Nc3 Nc6 3. Nf3 g6 4. d4 cxd4 5. Nxd4 Bg7 6. Be3 e6 7. Qd2 a6 8.
Nxc6 bxc6 9. Bd4 e5 10. Bc5 Nf6 11. Qd6 Ng4 12. Qd1 h5 13. h3 Nh6 14. Bc4 Qf6
15. Qe2 Bf8 16. Bxf8 Kxf8 17. O-O Kg7 18. f4 exf4 19. e5 Qe7 20. Rxf4 Re8 21.
Re4 d5 22. exd6 Qxe4 23. Nxe4 f5 24. d7 Rxe4 25. Qxe4 fxe4 26. d8=Q Nf5 27.
Qg8+ Kf6 28. Qf7+ Kg5 29. Re1 e3 30. h4+ Kh6 31. Qf8+ Ng7 32. Qf4+ Kh7 33. Qxe3
Bf5 34. c3 Re8 35. Qf2 Rd8 36. Re7 Rd1+ 37. Kh2 Rd6 38. Qe3 Rf6 39. Qe6 Rxe6
40. Bxe6 Bxe6 41. Rc7 Bd5 42. b3 Kg8 43. c4 Be4 44. Ra7 Nf5 45. g3 Nd4 46. Rxa6
Kf7 47. Kg1 Ke6 48. Kf2 Kd6 49. b4 Nf5 50. b5 Ne7 51. a4 Bd3 52. b6 Bxc4 53. b7
Kc7 54. Rb6 {Zeit}  1-0

[Event "1. OEsterreichische Internet Schach Meisterschaft - Vorrunde 1"]
[Site "Online - Playchess.com"]
[Date ""]
[Round "4"]
[Board "42"]
[White "Schwarz, Benedikt"]
[Black "Iro, Christian"]
[Result "0-1"]
[WhiteElo "1815"]
[BlackElo "2081"]
[PlyCount "60"]
[EventDate "2020.04.11"]
[EventRounds "9"]
[EventCountry "AUT"]

1. d4 Nf6 2. Bf4 d5 3. e3 e6 4. Nf3 Bd6 5. Bg3 Nbd7 6. c3 O-O 7. Nbd2 b6 8. Bd3
Bb7 9. Ne5 Qe7 10. h4 c5 11. Qe2 c4 12. Bc2 b5 13. Ndf3 a5 14. Nxd7 Qxd7 15.
Ne5 Qe7 16. O-O b4 17. Qd2 a4 18. b3 cxb3 19. axb3 bxc3 20. Qxc3 Rfc8 21. Qd3
Ba6 22. Qd2 Bb4 23. Qd1 Bxf1 24. Kxf1 axb3 25. Bxb3 Ne4 26. Rxa8 Rxa8 27. Nc6
Nxg3+ 28. fxg3 Qb7 29. Ne5 Bc3 30. Bc2 Ra1 {BS2000 gibt auf}  0-1

[Event "1. OEsterreichische Internet Schach Meisterschaft - Vorrunde 1"]
[Site "Online - Playchess.com"]
[Date ""]
[Round "4"]
[Board "43"]
[White "Kapferer, Romed"]
[Black "Moerwald, Magdalena"]
[Result "1-0"]
[WhiteElo "2081"]
[BlackElo "1791"]
[PlyCount "75"]
[EventDate "2020.04.11"]
[EventRounds "9"]
[EventCountry "AUT"]

1. e4 c6 2. d4 d5 3. exd5 cxd5 4. Bd3 Nc6 5. c3 Nf6 6. Bf4 g6 7. h3 Bf5 8. Nf3
Bxd3 9. Qxd3 Bg7 10. O-O O-O 11. Nbd2 e6 12. Rfe1 Rc8 13. Qe3 Re8 14. Bg5 Qb6
15. Rab1 Na5 16. Qf4 Nh5 17. Qh4 Nc4 18. Nxc4 Rxc4 19. g4 f6 20. Be3 Nf4 21.
Bxf4 g5 22. Bxg5 fxg5 23. Nxg5 h6 24. Qh5 Re7 25. Nf3 Rc8 26. Ne5 a5 27. Qh4
Qc7 28. Ng6 Ree8 29. Re2 Qb6 30. Rbe1 a4 31. Ne7+ Kh7 32. Nxc8 Rxc8 33. Qe7 Rc7
34. Qxe6 Rc6 35. Qf5+ Rg6 36. Re6 Qxb2 37. Qxg6+ Kg8 38. Re8#  1-0

[Event "1. OEsterreichische Internet Schach Meisterschaft - Vorrunde 1"]
[Site "Online - Playchess.com"]
[Date ""]
[Round "4"]
[Board "44"]
[White "Moritz, Christian"]
[Black "Rotter, Harald"]
[Result "1-0"]
[WhiteElo "2077"]
[BlackElo "1854"]
[PlyCount "99"]
[EventDate "2020.04.11"]
[EventRounds "9"]
[EventCountry "AUT"]

1. d4 e6 2. Bf4 b6 3. e4 Bb7 4. Nd2 d6 5. Bd3 a6 6. Qe2 Ne7 7. Ngf3 h6 8. h4 g6
9. O-O-O Bg7 10. g4 Nd7 11. Rhe1 e5 12. Be3 Nc6 13. c3 Qe7 14. d5 Ncb8 15. g5
h5 16. Ng1 c5 17. c4 a5 18. a4 Na6 19. Nh3 Nb4 20. Bb1 Ba6 21. b3 f5 22. gxf6
Bxf6 23. Ng5 O-O-O 24. Rg1 Rdg8 25. Rg2 Nf8 26. Rdg1 Kc7 27. Nf1 Bc8 28. Bd2
Bg4 29. f3 Bd7 30. Ne3 Be8 31. Nc2 Nh7 32. Nxb4 cxb4 33. f4 exf4 34. Bxf4 Nxg5
35. Bxg5 Qe5 36. Bxf6 Qxf6 37. Qe1 Rf8 38. Bd3 Qa1+ 39. Kd2 Qb2+ 40. Bc2 Qc3+
41. Kd1 Qa1+ 42. Ke2 Qb2 43. Qd2 Qe5 44. Qe3 Rf4 45. Rg5 Qf6 46. e5 dxe5 47.
Bxg6 Bxg6 48. Rxg6 Qxh4 49. Rc6+ Kb7 50. Qxb6+ {Harro gibt auf}  1-0

[Event "1. OEsterreichische Internet Schach Meisterschaft - Vorrunde 1"]
[Site "Online - Playchess.com"]
[Date ""]
[Round "4"]
[Board "45"]
[White "Teuschler, Hugo"]
[Black "Lerch, Johannes"]
[Result "0-1"]
[WhiteElo "2055"]
[BlackElo "2005"]
[PlyCount "80"]
[EventDate "2020.04.11"]
[EventRounds "9"]
[EventCountry "AUT"]

1. e4 c5 2. Nf3 d6 3. d4 cxd4 4. Nxd4 Nf6 5. Nc3 g6 6. Be3 Bg7 7. f3 O-O 8. Qd2
Nc6 9. Bc4 Bd7 10. O-O-O Rc8 11. Bb3 Nxd4 12. Bxd4 b5 13. Kb1 a5 14. a3 b4 15.
axb4 axb4 16. Nd5 Nxd5 17. Bxd5 Qa5 18. Bxg7 Kxg7 19. Qd4+ Kg8 20. Bb3 Ra8 21.
Kc1 Ba4 22. Bxa4 Qxa4 23. Kd2 Rfc8 24. Rc1 Qa5 25. Ke2 Qb5+ 26. Qd3 Qe5 27. Qb3
d5 28. Qxd5 Qxb2 29. Qb3 Qd4 30. Rhd1 Qc5 31. Qe3 Qc6 32. Qb3 Qb7 33. Rd4 Rab8
34. Rcd1 Rc3 35. Rxb4 Rxb3 36. Rxb3 Qa6+ 37. Kf2 Rxb3 38. cxb3 Qa2+ 39. Kg1
Qxb3 40. h3 Qxd1+  0-1